[Event "Blitz 2018"]
[Site "Saint-Petersburg"]
[Date "2018.12.30"]
[Round "21"]
[Board "22"]
[White "Anton Guijarro David (ESP)"]
[Black "Mamedov Rauf (AZE)"]
[Result "0-1"]
[LiveChessVersion "1.4.8"]
[BlackElo "2741"]
[WhiteElo "2631"]

1. Nf3 {[%clk 0:03:02]} c5 {[%clk 0:03:04]} 2. e4 {[%clk 0:03:03]} d6
{[%clk 0:03:05]} 3. Bb5+ {[%clk 0:03:04]} Nd7 {[%clk 0:03:06]} 4. c3
{[%clk 0:03:04]} a6 {[%clk 0:03:06]} 5. Bd3 {[%clk 0:03:05]} g6 {[%clk 0:03:01]}
6. Bc2 {[%clk 0:03:04]} Bg7 {[%clk 0:03:02]} 7. d4 {[%clk 0:03:05]} Qc7
{[%clk 0:03:03]} 8. O-O {[%clk 0:03:04]} Ngf6 {[%clk 0:03:04]} 9. a4
{[%clk 0:03:03]} O-O {[%clk 0:03:04]} 10. h3 {[%clk 0:03:03]} b6 {[%clk 0:03:04]}
11. Re1 {[%clk 0:03:03]} e5 {[%clk 0:03:04]} 12. d5 {[%clk 0:02:40]} Nh5
{[%clk 0:03:03]} 13. g3 {[%clk 0:02:37]} Rb8 {[%clk 0:02:58]} 14. Kg2
{[%clk 0:02:36]} b5 {[%clk 0:02:59]} 15. axb5 {[%clk 0:02:37]} axb5
{[%clk 0:03:00]} 16. Be3 {[%clk 0:02:33]} Nb6 {[%clk 0:03:00]} 17. b3
{[%clk 0:02:32]} f5 {[%clk 0:02:49]} 18. exf5 {[%clk 0:02:32]} gxf5
{[%clk 0:02:50]} 19. Nxe5 {[%clk 0:02:22]} Bxe5 {[%clk 0:02:48]} 20. Qxh5
{[%clk 0:02:22]} Nxd5 {[%clk 0:02:48]} 21. Bh6 {[%clk 0:02:09]} Bb7
{[%clk 0:02:27]} 22. Kg1 {[%clk 0:02:06]} Kh8 {[%clk 0:02:20]} 23. Bxf8
{[%clk 0:02:04]} Rxf8 {[%clk 0:02:21]} 24. Nd2 {[%clk 0:02:02]} Qc6
{[%clk 0:01:35]} 25. Nf3 {[%clk 0:01:52]} Nf6 {[%clk 0:01:33]} 26. Qh6
{[%clk 0:01:27]} Qxf3 {[%clk 0:01:26]} 27. Qxf8+ {[%clk 0:01:28]} Ng8
{[%clk 0:01:27]} 28. Be4 {[%clk 0:01:12]} Bxe4 {[%clk 0:01:27]} 29. Rxe4
{[%clk 0:01:09]} fxe4 {[%clk 0:01:28]} 30. Qxf3 {[%clk 0:00:59]} exf3 31. Rd1 c4
{[%clk 0:01:25]} 32. bxc4 {[%clk 0:00:56]} bxc4 {[%clk 0:01:26]} 33. Re1
{[%clk 0:00:58]} Nf6 {[%clk 0:01:15]} 34. Re3 {[%clk 0:00:53]} Nd5
{[%clk 0:01:16]} 35. Re4 {[%clk 0:00:47]} Nb6 {[%clk 0:01:14]} 36. Re3
{[%clk 0:00:47]} Kg7 {[%clk 0:01:06]} 37. Kf1 {[%clk 0:00:33]} Na4
{[%clk 0:01:08]} 38. Re4 {[%clk 0:00:19]} Nb2 {[%clk 0:01:09]} 39. Re3
{[%clk 0:00:20]} Nd3 {[%clk 0:01:10]} 40. Rxf3 {[%clk 0:00:19]} Bxc3
{[%clk 0:01:10]} 41. Rf5 {[%clk 0:00:16]} Be5 {[%clk 0:01:07]} 42. Ke2
{[%clk 0:00:16]} Kg6 {[%clk 0:01:06]} 43. Rf8 {[%clk 0:00:17]} Nc5
{[%clk 0:00:54]} 44. f4 {[%clk 0:00:17]} Bf6 {[%clk 0:00:50]} 45. Rc8
{[%clk 0:00:17]} c3 {[%clk 0:00:51]} 46. Rc6 {[%clk 0:00:18]} c2 {[%clk 0:00:48]}
47. Rxc5 {[%clk 0:00:13]} dxc5 {[%clk 0:00:49]} 48. Kd2 {[%clk 0:00:14]} Kf5
{[%clk 0:00:49]} 49. Kxc2 {[%clk 0:00:13]} c4 {[%clk 0:00:49]} 50. Kd2
{[%clk 0:00:09]} Ke5 0-1

[Event "Blitz 2018"]
[Site "Saint-Petersburg"]
[Date "2018.12.30"]
[Round "21"]
[Board "23"]
[White "Jobava Baadur (GEO)"]
[Black "Salem A.R. Saleh (UAE)"]
[Result "0-1"]
[LiveChessVersion "1.4.8"]
[BlackElo "2645"]
[WhiteElo "2705"]

1. b3 {[%clk 0:03:03]} d5 {[%clk 0:02:58]} 2. Bb2 {[%clk 0:03:03]} c5
{[%clk 0:02:59]} 3. e3 {[%clk 0:03:03]} Nf6 {[%clk 0:03:00]} 4. f4
{[%clk 0:03:01]} Nc6 {[%clk 0:02:59]} 5. Nf3 {[%clk 0:03:02]} e6 {[%clk 0:02:56]}
6. Bb5 {[%clk 0:03:02]} Be7 {[%clk 0:02:54]} 7. Bxc6+ {[%clk 0:03:02]} bxc6
{[%clk 0:02:55]} 8. O-O {[%clk 0:03:02]} O-O {[%clk 0:02:54]} 9. d3
{[%clk 0:02:53]} a5 {[%clk 0:02:55]} 10. Nbd2 {[%clk 0:02:49]} a4
{[%clk 0:02:56]} 11. Qe2 {[%clk 0:02:46]} Ne8 {[%clk 0:02:52]} 12. Ne5
{[%clk 0:02:41]} Qc7 {[%clk 0:02:53]} 13. Rab1 {[%clk 0:02:19]} f6
{[%clk 0:02:52]} 14. Nef3 {[%clk 0:02:20]} Nd6 {[%clk 0:02:53]} 15. e4
{[%clk 0:02:15]} Nf7 {[%clk 0:02:44]} 16. Kh1 {[%clk 0:02:03]} axb3
{[%clk 0:02:41]} 17. axb3 {[%clk 0:02:04]} Ra2 {[%clk 0:02:04]} 18. e5
{[%clk 0:02:01]} f5 {[%clk 0:02:05]} 19. c4 {[%clk 0:01:50]} Bd7 {[%clk 0:02:03]}
20. Bc3 {[%clk 0:01:44]} Rfa8 {[%clk 0:02:01]} 21. Ra1 {[%clk 0:01:29]} d4
{[%clk 0:02:02]} 22. Bb2 {[%clk 0:01:30]} Qb7 {[%clk 0:01:56]} 23. Rxa2
{[%clk 0:01:28]} Rxa2 {[%clk 0:01:57]} 24. Rb1 {[%clk 0:01:29]} h6
{[%clk 0:01:50]} 25. g3 {[%clk 0:01:29]} Bd8 {[%clk 0:01:48]} 26. Qd1
{[%clk 0:01:27]} Nh8 {[%clk 0:01:38]} 27. Qc1 {[%clk 0:01:28]} Be8
{[%clk 0:01:23]} 28. Ra1 {[%clk 0:01:27]} Rxa1 {[%clk 0:01:11]} 29. Qxa1
{[%clk 0:01:28]} g5 {[%clk 0:01:11]} 30. Qa3 {[%clk 0:01:04]} Be7
{[%clk 0:01:12]} 31. Bc1 {[%clk 0:01:03]} Ng6 {[%clk 0:01:10]} 32. Nf1
{[%clk 0:01:04]} g4 {[%clk 0:01:06]} 33. Ne1 {[%clk 0:00:59]} h5 {[%clk 0:01:07]}
34. Bd2 {[%clk 0:00:47]} h4 {[%clk 0:01:07]} 35. Ng2 {[%clk 0:00:42]} h3
{[%clk 0:00:51]} 36. Ne1 {[%clk 0:00:43]} Nf8 {[%clk 0:00:49]} 37. Kg1
{[%clk 0:00:43]} Nd7 {[%clk 0:00:49]} 38. Kf2 {[%clk 0:00:42]} Nb8
{[%clk 0:00:50]} 39. Nc2 {[%clk 0:00:42]} Na6 {[%clk 0:00:50]} 40. Ba5
{[%clk 0:00:40]} Kf7 {[%clk 0:00:46]} 41. Nd2 {[%clk 0:00:41]} Bd7
{[%clk 0:00:48]} 42. Ke1 {[%clk 0:00:38]} Bc8 {[%clk 0:00:45]} 43. Kd1
{[%clk 0:00:39]} Kf8 {[%clk 0:00:35]} 44. Kc1 Kf7 45. Kb2 {[%clk 0:00:41]} Kf8
{[%clk 0:00:38]} 46. Kc1 {[%clk 0:00:38]} Kf7 {[%clk 0:00:39]} 47. Qa4
{[%clk 0:00:39]} Bd7 {[%clk 0:00:39]} 48. Kd1 {[%clk 0:00:23]} Nb4
{[%clk 0:00:29]} 49. Ne1 {[%clk 0:00:11]} Na6 {[%clk 0:00:20]} 50. Nb1
{[%clk 0:00:09]} Kf8 {[%clk 0:00:18]} 51. Bd2 {[%clk 0:00:10]} Kf7
{[%clk 0:00:19]} 52. Bc1 {[%clk 0:00:11]} Bd8 {[%clk 0:00:17]} 53. Nd2
{[%clk 0:00:12]} Nb4 {[%clk 0:00:16]} 54. Ba3 {[%clk 0:00:13]} Be7
{[%clk 0:00:17]} 55. Ke2 {[%clk 0:00:14]} Na2 {[%clk 0:00:15]} 56. Nb1
{[%clk 0:00:14]} Nb4 {[%clk 0:00:11]} 57. Kd1 {[%clk 0:00:14]} Ke8
{[%clk 0:00:10]} 58. Nd2 {[%clk 0:00:11]} Kf7 {[%clk 0:00:11]} 59. Qa5
{[%clk 0:00:11]} Na6 {[%clk 0:00:08]} 60. Nc2 {[%clk 0:00:11]} Ke8
{[%clk 0:00:10]} 61. Ke2 {[%clk 0:00:08]} Bd8 {[%clk 0:00:11]} 62. Qa4
{[%clk 0:00:09]} Be7 {[%clk 0:00:12]} 63. Bc1 {[%clk 0:00:07]} Nb4
{[%clk 0:00:12]} 64. Ne1 {[%clk 0:00:04]} Bd8 {[%clk 0:00:13]} 65. Kd1
{[%clk 0:00:04]} Be7 {[%clk 0:00:08]} 66. Qa5 {[%clk 0:00:05]} Na6
{[%clk 0:00:09]} 67. Nc2 {[%clk 0:00:06]} Bd8 {[%clk 0:00:10]} 68. Qa1
{[%clk 0:00:07]} Be7 {[%clk 0:00:09]} 69. Ba3 {[%clk 0:00:08]} Bd8
{[%clk 0:00:08]} 70. Bb2 {[%clk 0:00:09]} Be7 {[%clk 0:00:09]} 71. Qa2
{[%clk 0:00:04]} Bd8 {[%clk 0:00:10]} 72. Qa4 {[%clk 0:00:03]} Be7
{[%clk 0:00:10]} 73. Ba3 {[%clk 0:00:04]} Bd8 {[%clk 0:00:11]} 74. Bc1
{[%clk 0:00:04]} Bc7 {[%clk 0:00:10]} 75. Ba3 {[%clk 0:00:05]} Bd8
{[%clk 0:00:09]} 76. Bc1 {[%clk 0:00:06]} Be7 {[%clk 0:00:10]} 77. Ba3
{[%clk 0:00:07]} Nc7 {[%clk 0:00:08]} 78. Qa5 {[%clk 0:00:08]} Na6
{[%clk 0:00:08]} 79. Kc1 {[%clk 0:00:09]} Kf7 {[%clk 0:00:08]} 80. Kb2
{[%clk 0:00:10]} Ke8 {[%clk 0:00:10]} 81. Nb1 {[%clk 0:00:11]} Bd8
{[%clk 0:00:11]} 82. Qa4 {[%clk 0:00:12]} Bb6 {[%clk 0:00:10]} 83. Nd2
{[%clk 0:00:12]} Bd8 {[%clk 0:00:08]} 84. Ne1 {[%clk 0:00:12]} Be7
{[%clk 0:00:09]} 85. Nf1 {[%clk 0:00:12]} Nb4 {[%clk 0:00:09]} 86. Qa5
{[%clk 0:00:11]} Na6 {[%clk 0:00:09]} 87. Qd2 {[%clk 0:00:11]} Nb4
{[%clk 0:00:08]} 88. Nc2 {[%clk 0:00:09]} Na6 {[%clk 0:00:09]} 89. Qe1
{[%clk 0:00:07]} Bd8 {[%clk 0:00:10]} 90. Nd2 {[%clk 0:00:05]} Ba5
{[%clk 0:00:11]} 91. Qd1 {[%clk 0:00:03]} Bc3+ {[%clk 0:00:12]} 92. Kc1
{[%clk 0:00:03]} Nb4 {[%clk 0:00:12]} 93. Bxb4 0-1

[Event "Blitz 2018"]
[Site "Saint-Petersburg"]
[Date "2018.12.30"]
[Round "21"]
[Board "24"]
[White "Ponkratov Pavel (RUS)"]
[Black "Hovhannisyan Robert (ARM)"]
[Result "0-1"]
[LiveChessVersion "1.4.8"]
[BlackElo "2588"]
[WhiteElo "2688"]

1. c4 {[%clk 0:03:03]} c6 {[%clk 0:03:04]} 2. e3 {[%clk 0:03:02]} d5 3. Nc3 Nf6
{[%clk 0:03:05]} 4. Nf3 {[%clk 0:03:04]} e6 {[%clk 0:03:06]} 5. Qc2
{[%clk 0:03:05]} Bd6 {[%clk 0:03:07]} 6. Rg1 {[%clk 0:03:05]} e5 {[%clk 0:02:57]}
7. cxd5 {[%clk 0:03:06]} cxd5 {[%clk 0:02:58]} 8. Nb5 {[%clk 0:03:03]} Nc6
{[%clk 0:02:59]} 9. Nxd6+ {[%clk 0:02:57]} Qxd6 {[%clk 0:02:59]} 10. Bb5
{[%clk 0:02:58]} O-O {[%clk 0:02:53]} 11. Bxc6 {[%clk 0:02:54]} bxc6
{[%clk 0:02:53]} 12. h3 {[%clk 0:02:50]} e4 {[%clk 0:02:45]} 13. Nd4
{[%clk 0:02:38]} Qh2 {[%clk 0:02:44]} 14. Ne2 {[%clk 0:02:14]} Ba6
{[%clk 0:02:45]} 15. Qd1 {[%clk 0:02:15]} Nd7 {[%clk 0:02:31]} 16. b3
{[%clk 0:02:01]} Ne5 {[%clk 0:02:28]} 17. Ba3 {[%clk 0:02:01]} Rfe8
{[%clk 0:02:15]} 18. Qc2 {[%clk 0:02:01]} Nd3+ {[%clk 0:02:07]} 19. Kf1
{[%clk 0:02:00]} Re6 {[%clk 0:02:06]} 20. Bb2 {[%clk 0:01:50]} c5
{[%clk 0:01:57]} 21. b4 {[%clk 0:01:47]} d4 {[%clk 0:01:53]} 22. b5
{[%clk 0:01:19]} Bxb5 {[%clk 0:01:48]} 23. Qb3 {[%clk 0:01:19]} Rf6
{[%clk 0:01:44]} 24. Nf4 {[%clk 0:01:03]} Rb8 {[%clk 0:01:35]} 25. a4
{[%clk 0:00:54]} Nxf4+ {[%clk 0:01:26]} 26. axb5 {[%clk 0:00:54]} Nd3
{[%clk 0:01:25]} 27. f4 {[%clk 0:00:47]} Qg3 {[%clk 0:01:20]} 28. Ke2
{[%clk 0:00:40]} Qf2+ {[%clk 0:01:21]} 29. Kd1 {[%clk 0:00:41]} Qxg1+ 30. Kc2
Nb4+ {[%clk 0:01:09]} 31. Qxb4 {[%clk 0:00:39]} Qxa1 {[%clk 0:01:08]} 0-1

[Event "Blitz 2018"]
[Site "Saint-Petersburg"]
[Date "2018.12.30"]
[Round "21"]
[Board "25"]
[White "Vallejo Pons Francisco (ESP)"]
[Black "Predke Alexandr (RUS)"]
[Result "1-0"]
[LiveChessVersion "1.4.8"]
[BlackElo "2482"]
[WhiteElo "2673"]

1. d4 {[%clk 0:03:03]} Nf6 {[%clk 0:03:03]} 2. c4 {[%clk 0:03:04]} e6
{[%clk 0:03:03]} 3. Nc3 {[%clk 0:03:05]} Bb4 {[%clk 0:03:04]} 4. Qc2
{[%clk 0:03:06]} O-O {[%clk 0:02:49]} 5. e4 {[%clk 0:03:07]} d6 {[%clk 0:02:50]}
6. e5 {[%clk 0:03:07]} dxe5 {[%clk 0:02:46]} 7. dxe5 {[%clk 0:03:08]} Nfd7
{[%clk 0:02:46]} 8. Nf3 {[%clk 0:03:08]} Nc6 {[%clk 0:02:40]} 9. Ng5
{[%clk 0:02:41]} g6 {[%clk 0:02:28]} 10. f4 {[%clk 0:02:42]} Nc5 {[%clk 0:02:15]}
11. Be3 {[%clk 0:02:36]} f6 {[%clk 0:02:09]} 12. exf6 {[%clk 0:02:25]} Qxf6
{[%clk 0:02:09]} 13. O-O-O {[%clk 0:02:22]} Bxc3 {[%clk 0:01:34]} 14. Qxc3
{[%clk 0:01:54]} Qxc3+ {[%clk 0:01:31]} 15. bxc3 {[%clk 0:01:55]} b6
{[%clk 0:01:31]} 16. g3 {[%clk 0:01:53]} Bb7 {[%clk 0:01:23]} 17. Bxc5
{[%clk 0:01:47]} bxc5 {[%clk 0:01:24]} 18. Nxe6 {[%clk 0:01:44]} Nd8
{[%clk 0:00:46]} 19. Nxf8 {[%clk 0:01:35]} Bxh1 {[%clk 0:00:47]} 20. Nd7
{[%clk 0:01:35]} Nb7 {[%clk 0:00:47]} 21. Bh3 {[%clk 0:01:28]} Bf3
{[%clk 0:00:47]} 22. Rd3 {[%clk 0:01:26]} Be2 {[%clk 0:00:43]} 23. Be6+
{[%clk 0:01:10]} Kg7 24. Re3 Bf1 {[%clk 0:00:28]} 25. Bd5 {[%clk 0:01:13]} 1-0

[Event "Blitz 2018"]
[Site "Saint-Petersburg"]
[Date "2018.12.30"]
[Round "21"]
[Board "28"]
[White "Khusnutdinov Rustam (KAZ)"]
[Black "Bocharov Ivan (RUS)"]
[Result "1/2-1/2"]
[LiveChessVersion "1.4.8"]
[BlackElo "2715"]
[WhiteElo "2582"]

1. Nc3 {[%clk 0:03:04]} Nf6 {[%clk 0:03:04]} 2. e4 e5 3. Nf3 {[%clk 0:03:05]} Nc6
{[%clk 0:03:06]} 4. Be2 {[%clk 0:03:06]} Bb4 {[%clk 0:02:58]} 5. Nd5
{[%clk 0:03:07]} Bc5 {[%clk 0:02:53]} 6. d3 {[%clk 0:02:56]} h6 {[%clk 0:02:49]}
7. Be3 {[%clk 0:02:54]} Bxe3 {[%clk 0:02:47]} 8. fxe3 {[%clk 0:02:55]} d6
{[%clk 0:02:45]} 9. Qd2 {[%clk 0:02:54]} Nxd5 {[%clk 0:02:41]} 10. exd5
{[%clk 0:02:55]} Ne7 {[%clk 0:02:42]} 11. e4 {[%clk 0:02:49]} O-O
{[%clk 0:02:41]} 12. O-O {[%clk 0:02:32]} Ng6 {[%clk 0:02:39]} 13. Rf2
{[%clk 0:02:20]} f5 {[%clk 0:02:38]} 14. Kh1 {[%clk 0:02:10]} Bd7
{[%clk 0:02:31]} 15. Raf1 {[%clk 0:02:10]} Qe7 {[%clk 0:02:32]} 16. Qc3
{[%clk 0:02:00]} c5 {[%clk 0:02:24]} 17. dxc6 {[%clk 0:02:00]} Bxc6
{[%clk 0:02:26]} 18. Nd2 {[%clk 0:01:54]} fxe4 {[%clk 0:02:16]} 19. Nxe4
{[%clk 0:01:36]} Rxf2 {[%clk 0:02:12]} 20. Rxf2 {[%clk 0:01:37]} Nf4
{[%clk 0:02:13]} 21. Bf3 {[%clk 0:01:32]} d5 {[%clk 0:01:59]} 22. Ng3
{[%clk 0:01:29]} Rf8 {[%clk 0:01:58]} 23. Qe1 {[%clk 0:01:30]} Qc5
{[%clk 0:01:48]} 24. h3 {[%clk 0:00:45]} Qd4 {[%clk 0:01:21]} 25. b3
{[%clk 0:00:47]} b5 {[%clk 0:01:15]} 26. Ne2 {[%clk 0:00:42]} Qe3
{[%clk 0:01:15]} 27. Qf1 {[%clk 0:00:32]} Nxh3 {[%clk 0:01:06]} 28. gxh3
{[%clk 0:00:22]} e4 {[%clk 0:01:03]} 29. Ng1 {[%clk 0:00:16]} exf3
{[%clk 0:01:02]} 30. d4 {[%clk 0:00:17]} Qxd4 {[%clk 0:01:00]} 31. Rxf3
{[%clk 0:00:17]} Qe4 {[%clk 0:00:56]} 32. Kh2 {[%clk 0:00:17]} Qe5+
{[%clk 0:00:57]} 1/2-1/2

[Event "Blitz 2018"]
[Site "Saint-Petersburg"]
[Date "2018.12.30"]
[Round "21"]
[Board "29"]
[White "Guseinov Gadir (AZE)"]
[Black "Gordievsky Dmitry (RUS)"]
[Result "1-0"]
[LiveChessVersion "1.4.8"]
[BlackElo "2591"]
[WhiteElo "2708"]

1. e4 {[%clk 0:03:01]} c5 {[%clk 0:03:03]} 2. Nc3 {[%clk 0:03:02]} g6
{[%clk 0:02:59]} 3. d4 {[%clk 0:03:00]} cxd4 {[%clk 0:02:49]} 4. Qxd4
{[%clk 0:03:00]} Nf6 {[%clk 0:02:50]} 5. Nf3 {[%clk 0:03:01]} Nc6
{[%clk 0:02:49]} 6. Qa4 {[%clk 0:03:02]} d6 {[%clk 0:02:49]} 7. e5
{[%clk 0:03:01]} dxe5 {[%clk 0:02:50]} 8. Nxe5 {[%clk 0:03:02]} Bd7
{[%clk 0:02:51]} 9. Nxd7 {[%clk 0:03:02]} Qxd7 {[%clk 0:02:52]} 10. Be2
{[%clk 0:03:03]} Bg7 {[%clk 0:02:52]} 11. O-O {[%clk 0:03:01]} O-O
{[%clk 0:02:53]} 12. Rd1 {[%clk 0:03:01]} Qf5 {[%clk 0:02:53]} 13. Bd3
{[%clk 0:02:49]} Qh5 {[%clk 0:02:46]} 14. Qb5 {[%clk 0:02:48]} Qxb5
{[%clk 0:02:41]} 15. Bxb5 {[%clk 0:02:43]} Nb4 {[%clk 0:02:29]} 16. Ba4
{[%clk 0:02:43]} e6 {[%clk 0:02:30]} 17. a3 {[%clk 0:02:33]} Nbd5
{[%clk 0:02:30]} 18. Nxd5 {[%clk 0:02:34]} Nxd5 {[%clk 0:02:29]} 19. Bb3
{[%clk 0:02:23]} Rfd8 {[%clk 0:02:28]} 20. c3 {[%clk 0:02:20]} Rac8
{[%clk 0:02:26]} 21. Kf1 {[%clk 0:02:18]} a6 {[%clk 0:02:20]} 22. Bg5
{[%clk 0:02:00]} f6 {[%clk 0:02:19]} 23. Bxd5 {[%clk 0:01:56]} Rxd5
{[%clk 0:02:14]} 24. Rxd5 {[%clk 0:01:56]} exd5 {[%clk 0:02:15]} 25. Be3
{[%clk 0:01:56]} Kf7 {[%clk 0:02:13]} 26. Ke2 {[%clk 0:01:56]} f5
{[%clk 0:02:06]} 27. Kd3 {[%clk 0:01:57]} Ke6 {[%clk 0:02:04]} 28. Re1
{[%clk 0:01:56]} Kd7 {[%clk 0:02:00]} 29. Bd4 {[%clk 0:01:54]} Bxd4
{[%clk 0:01:57]} 30. Kxd4 {[%clk 0:01:55]} Kd6 {[%clk 0:01:58]} 31. b3
{[%clk 0:01:55]} Rf8 {[%clk 0:00:50]} 32. Re5 {[%clk 0:01:52]} Rf7
{[%clk 0:00:51]} 33. f4 {[%clk 0:01:49]} Rg7 {[%clk 0:00:47]} 34. g3
{[%clk 0:01:47]} Rf7 {[%clk 0:00:48]} 35. a4 {[%clk 0:01:43]} Rg7
{[%clk 0:00:44]} 36. b4 {[%clk 0:01:37]} b6 {[%clk 0:00:39]} 37. Rxd5+
{[%clk 0:01:34]} Kc6 {[%clk 0:00:41]} 38. b5+ {[%clk 0:01:21]} axb5
{[%clk 0:00:41]} 39. axb5+ Kc7 40. h4 {[%clk 0:01:06]} Re7 {[%clk 0:00:43]} 41.
Re5 {[%clk 0:01:07]} Rd7+ {[%clk 0:00:44]} 42. Ke3 {[%clk 0:01:05]} Kd6
{[%clk 0:00:40]} 43. h5 {[%clk 0:01:00]} gxh5 {[%clk 0:00:38]} 44. Rxf5
{[%clk 0:01:00]} Rg7 {[%clk 0:00:32]} 45. Kf3 {[%clk 0:00:59]} Rc7
{[%clk 0:00:32]} 46. Rxh5 {[%clk 0:00:52]} Rxc3+ {[%clk 0:00:33]} 47. Kg4
{[%clk 0:00:53]} Rc7 {[%clk 0:00:32]} 48. Re5 {[%clk 0:00:51]} Rg7+
{[%clk 0:00:32]} 49. Kf3 {[%clk 0:00:51]} Rc7 {[%clk 0:00:32]} 50. g4
{[%clk 0:00:50]} Rg7 {[%clk 0:00:14]} 51. g5 {[%clk 0:00:49]} Rg6
{[%clk 0:00:09]} 52. Kg4 {[%clk 0:00:46]} Rg7 {[%clk 0:00:09]} 53. Rf5
{[%clk 0:00:42]} Re7 {[%clk 0:00:07]} 54. Kh5 {[%clk 0:00:37]} Rg7
{[%clk 0:00:03]} 55. Kh6 {[%clk 0:00:34]} Re7 {[%clk 0:00:04]} 56. Rf8
{[%clk 0:00:27]} Kc5 {[%clk 0:00:05]} 57. f5 {[%clk 0:00:28]} Kxb5
{[%clk 0:00:05]} 58. f6 {[%clk 0:00:29]} Re5 {[%clk 0:00:05]} 59. Rg8
{[%clk 0:00:25]} Kc4 {[%clk 0:00:04]} 60. f7 {[%clk 0:00:25]} 1-0

[Event "Blitz 2018"]
[Site "Saint-Petersburg"]
[Date "2018.12.30"]
[Round "21"]
[Board "30"]
[White "Popov Valerij (RUS)"]
[Black "Petrosian Tigran L. (ARM)"]
[Result "0-1"]
[LiveChessVersion "1.4.8"]
[BlackElo "2700"]
[WhiteElo "2574"]

1. c4 {[%clk 0:03:03]} g6 {[%clk 0:03:03]} 2. e4 {[%clk 0:03:00]} c5
{[%clk 0:03:04]} 3. Nf3 {[%clk 0:03:00]} Bg7 {[%clk 0:03:06]} 4. d4
{[%clk 0:03:01]} cxd4 {[%clk 0:03:07]} 5. Nxd4 {[%clk 0:03:02]} Nc6
{[%clk 0:03:08]} 6. Be3 {[%clk 0:03:02]} Nf6 {[%clk 0:03:09]} 7. Nc3
{[%clk 0:03:03]} d6 {[%clk 0:03:09]} 8. Be2 {[%clk 0:03:03]} O-O {[%clk 0:03:09]}
9. O-O {[%clk 0:03:04]} Bd7 {[%clk 0:03:09]} 10. Qd2 {[%clk 0:03:04]} Qa5
{[%clk 0:03:09]} 11. f3 {[%clk 0:02:49]} Rfc8 {[%clk 0:02:58]} 12. Rfd1
{[%clk 0:02:37]} a6 {[%clk 0:02:59]} 13. Nxc6 {[%clk 0:02:12]} Bxc6
{[%clk 0:02:39]} 14. Rab1 {[%clk 0:01:59]} Nd7 {[%clk 0:01:59]} 15. b4
{[%clk 0:02:00]} Qd8 {[%clk 0:02:00]} 16. Rdc1 {[%clk 0:01:46]} b6
{[%clk 0:01:51]} 17. a3 {[%clk 0:01:43]} Bb7 {[%clk 0:01:44]} 18. Bf1
{[%clk 0:01:32]} h5 {[%clk 0:01:42]} 19. Kh1 {[%clk 0:01:29]} Kh7
{[%clk 0:01:28]} 20. Nd5 {[%clk 0:01:29]} Bxd5 {[%clk 0:01:14]} 21. Qxd5
{[%clk 0:01:30]} Kg8 {[%clk 0:00:53]} 22. g3 {[%clk 0:01:20]} Ne5
{[%clk 0:00:47]} 23. Be2 {[%clk 0:01:19]} Nd7 {[%clk 0:00:32]} 24. Kg2
{[%clk 0:01:13]} Nf6 {[%clk 0:00:31]} 25. Qd2 {[%clk 0:01:09]} Nd7
{[%clk 0:00:31]} 26. h3 {[%clk 0:01:09]} a5 {[%clk 0:00:28]} 27. f4
{[%clk 0:01:05]} axb4 {[%clk 0:00:29]} 28. axb4 {[%clk 0:01:07]} Ra3
{[%clk 0:00:30]} 29. Bf3 {[%clk 0:01:04]} h4 {[%clk 0:00:23]} 30. gxh4
{[%clk 0:01:00]} e5 {[%clk 0:00:23]} 31. Bg4 {[%clk 0:00:52]} Rca8
{[%clk 0:00:21]} 32. Bf2 {[%clk 0:00:35]} Nf6 {[%clk 0:00:19]} 33. Bf3
{[%clk 0:00:33]} Qc8 {[%clk 0:00:15]} 34. fxe5 {[%clk 0:00:25]} Rxf3
{[%clk 0:00:16]} 35. Kxf3 {[%clk 0:00:27]} Qxh3+ {[%clk 0:00:17]} 36. Ke2
{[%clk 0:00:22]} Nxe4 {[%clk 0:00:17]} 37. Qc2 {[%clk 0:00:09]} Nxf2
{[%clk 0:00:15]} 38. Kxf2 {[%clk 0:00:10]} Ra3 {[%clk 0:00:17]} 39. Qe4
{[%clk 0:00:07]} Qh2+ {[%clk 0:00:15]} 40. Ke1 {[%clk 0:00:05]} Bxe5
{[%clk 0:00:13]} 41. c5 {[%clk 0:00:00]} 0-1

[Event "Blitz 2018"]
[Site "Saint-Petersburg"]
[Date "2018.12.30"]
[Round "21"]
[Board "31"]
[White "Yudin Sergei (RUS)"]
[Black "Esipenko Andrey (RUS)"]
[Result "1-0"]
[LiveChessVersion "1.4.8"]
[BlackElo "2673"]
[WhiteElo "2533"]

1. e4 {[%clk 0:03:02]} e5 {[%clk 0:03:03]} 2. Nf3 {[%clk 0:03:03]} Nc6
{[%clk 0:03:04]} 3. Bc4 {[%clk 0:03:03]} Bc5 {[%clk 0:03:05]} 4. d3
{[%clk 0:03:04]} Nf6 {[%clk 0:03:06]} 5. O-O {[%clk 0:03:04]} O-O
{[%clk 0:03:06]} 6. h3 {[%clk 0:03:05]} a6 {[%clk 0:03:06]} 7. c3
{[%clk 0:02:59]} h6 {[%clk 0:03:07]} 8. Re1 {[%clk 0:02:57]} Ba7 {[%clk 0:03:08]}
9. Nbd2 {[%clk 0:02:53]} d6 {[%clk 0:03:05]} 10. Bb3 {[%clk 0:02:53]} Re8
{[%clk 0:03:04]} 11. Nf1 {[%clk 0:02:48]} Be6 {[%clk 0:03:05]} 12. Bc2
{[%clk 0:02:33]} d5 {[%clk 0:03:02]} 13. exd5 {[%clk 0:02:24]} Bxd5
{[%clk 0:03:02]} 14. Be3 {[%clk 0:02:24]} Bxe3 {[%clk 0:02:58]} 15. Rxe3
{[%clk 0:02:21]} Nh7 {[%clk 0:02:23]} 16. Qe2 {[%clk 0:02:13]} Ng5
{[%clk 0:02:10]} 17. Nxe5 {[%clk 0:01:50]} Nxh3+ {[%clk 0:02:05]} 18. gxh3
{[%clk 0:01:49]} Qg5+ {[%clk 0:01:52]} 19. Ng4 {[%clk 0:01:50]} Kf8
{[%clk 0:01:15]} 20. Re1 {[%clk 0:01:46]} Be6 {[%clk 0:00:45]} 21. Qd2
{[%clk 0:01:29]} Qg6 {[%clk 0:00:13]} 22. Rg3 {[%clk 0:01:26]} Bxg4
{[%clk 0:00:09]} 23. Rxg4 {[%clk 0:01:17]} Qd6 {[%clk 0:00:11]} 24. d4
{[%clk 0:01:10]} Rxe1 {[%clk 0:00:12]} 25. Qxe1 Re8 26. Re4 {[%clk 0:01:08]} Rd8
{[%clk 0:00:12]} 27. Ng3 {[%clk 0:01:08]} g6 {[%clk 0:00:14]} 28. Qe3
{[%clk 0:01:00]} Kg7 {[%clk 0:00:13]} 29. Rg4 {[%clk 0:00:59]} Ne7
{[%clk 0:00:10]} 30. Qxe7 {[%clk 0:00:53]} 1-0

[Event "Blitz 2018"]
[Site "Saint-Petersburg"]
[Date "2018.12.30"]
[Round "21"]
[Board "32"]
[White "Bosiocic Marin (CRO)"]
[Black "Gareyev Timur (USA)"]
[Result "0-1"]
[LiveChessVersion "1.4.8"]
[BlackElo "2577"]
[WhiteElo "2653"]

1. e4 {[%clk 0:03:03]} e5 {[%clk 0:03:01]} 2. Nf3 {[%clk 0:03:04]} Nc6
{[%clk 0:03:02]} 3. Bc4 {[%clk 0:03:05]} Bc5 {[%clk 0:02:59]} 4. c3
{[%clk 0:03:06]} d6 {[%clk 0:02:56]} 5. d4 {[%clk 0:03:06]} exd4 {[%clk 0:02:57]}
6. cxd4 Bb6 7. Nc3 {[%clk 0:03:04]} Bg4 {[%clk 0:02:55]} 8. Be3 {[%clk 0:03:04]}
Nf6 {[%clk 0:02:47]} 9. h3 {[%clk 0:03:04]} Bh5 {[%clk 0:02:35]} 10. g4
{[%clk 0:03:05]} Bg6 {[%clk 0:02:36]} 11. Bg5 {[%clk 0:02:54]} h6
{[%clk 0:02:32]} 12. Bh4 {[%clk 0:02:55]} Bh7 {[%clk 0:02:01]} 13. g5
{[%clk 0:02:48]} hxg5 {[%clk 0:01:53]} 14. Bxg5 {[%clk 0:02:35]} Qd7
{[%clk 0:01:38]} 15. Bxf6 {[%clk 0:02:30]} gxf6 {[%clk 0:01:39]} 16. Nd5
{[%clk 0:02:29]} O-O-O {[%clk 0:01:30]} 17. Bd3 {[%clk 0:01:56]} f5
{[%clk 0:01:23]} 18. exf5 {[%clk 0:01:36]} Bxf5 {[%clk 0:01:18]} 19. Ne3
{[%clk 0:01:37]} Ba5+ {[%clk 0:01:10]} 20. Ke2 {[%clk 0:01:37]} Rde8
{[%clk 0:01:09]} 21. Bxf5 {[%clk 0:01:25]} Qxf5 {[%clk 0:01:10]} 22. Qd3
{[%clk 0:01:16]} Qh5 {[%clk 0:01:05]} 23. Rag1 {[%clk 0:01:15]} Nb4
{[%clk 0:01:02]} 24. Qc4 {[%clk 0:01:09]} Nd5 {[%clk 0:00:56]} 25. Rg5
{[%clk 0:01:00]} Nf4+ {[%clk 0:00:55]} 26. Kf1 {[%clk 0:00:52]} Qxf3
{[%clk 0:00:55]} 0-1